000 00689nam a2200193Ia 4500
003 GCL
008 140319s9999 xx 000 0 ara d
040 _aGCL /
_cGCL
082 0 4 _a956.04
_bك ا
100 1 _aكميل منصور
245 1 0 _aاسرائيل فى الاستراتيجية الامريكية فى الثمانينات /
_cكميل منصور
260 _a[S.N] :
_bمؤسسة الدراسات الفلسطينية ،
_c1986
300 _a40 ص
490 _aاوراق مؤسسة الدراسات الفلسطسينية
_v0
650 0 4 _aاسرائيل
650 0 4 _aالسياسة الخارجية
650 0 4 _aالعلاقات الخارجية
942 _2ddc
_cBK
999 _c41389
_d41389